Russian Country Names - Statistics

General Stats
  • This quiz has been taken 38 times
  • The average score is 18 of 20
Answer Stats
Cyrillic Latin English Name % Correct
Афганистан Afganistan Afghanistan
100%
Албания Albaniya Albania
100%
Алжир Alzhir Algeria
100%
Антигуа и Барбуда Antigua i Barbuda Antigua and Barbuda
100%
Армения Armeniya Armenia
100%
Австралия Avstraliya Australia
100%
Австрия Avstriya Austria
100%
Бахрейн Bakhreyn Bahrain
100%
Бельгия Bel'giya Belgium
100%
Белиз Beliz Belize
100%
Бутан Butan Bhutan
100%
Босния и Герцеговина Bosniya i Gertsegovina Bosnia and Herzegovina
100%
Ботсвана Botsvana Botswana
100%
Бразилия Braziliya Brazil
100%
Бруней Bruney Brunei
100%
Болгария Bolgariya Bulgaria
100%
Камбоджа Kambodzha Cambodia
100%
Камерун Kamerun Cameroon
100%
Канада Kanada Canada
100%
Кабо-Верде Kabo-Verde Cape Verde
100%
Центральноафриканская Республика Tsentral'noafrikanskaya Respublika Central African Republic
100%
Чили Chili Chile
100%
Колумбия Kolumbiya Colombia
100%
Коста-Рика Kosta-Rika Costa Rica
100%
Хорватия Khorvatiya Croatia
100%
Кипр Kipr Cyprus
100%
Чешская Республика Cheshkaya Respublika Czech Republic
100%
Демократическая Республика Конго Demokraticheskaya Respublika Kongo Democratic Republic of the Congo
100%
Джибути Dzhibuti Djibouti
100%
Доминика Dominika Dominica
100%
Доминиканская Республика Dominikanskaya Respublika Dominican Republic
100%
Восточный Тимор Vostochnyy Timor East Timor
100%
Эквадор Ekvador Ecuador
100%
Египет Yegipet Egypt
100%
Эритрея Eritreya Eritrea
100%
Эстония Estoniya Estonia
100%
Эсватини Esvatini Eswatini
100%
Эфиопия Efiopiya Ethiopia
100%
Федеративные Штаты Микронезии Федеративные Штаты Микронезии Federated States of Micronesia
100%
Фиджи Fidzhi Fiji
100%
Финляндия Finlyandiya Finland
100%
Франция Frantsiya France
100%
Гамбия Gambiya Gambia
100%
Германия Germaniya Germany
100%
Гана Gana Ghana
100%
Греция Gretsiya Greece
100%
Гватемала Gvatemala Guatemala
100%
Гвинея Gvineya Guinea
100%
Гвинея-Бисау Gvienya-Bisau Guinea-Bissau
100%
Гайана Gayana Guyana
100%
Гондурас Gonduras Honduras
100%
Индия Indiya India
100%
Индонезия Indoneziya Indonesia
100%
Ирак Irak Iraq
100%
Италия Italiya Italy
100%
Кот-д'Ивуар Kot-d'Ivuar Ivory Coast
100%
Ямайка Yamayka Jamaica
100%
Япония Yaponiya Japan
100%
Кения Keniya Kenya
100%
Кувейт Kuveyt Kuwait
100%
Латвия Latviya Latvia
100%
Ливан Livan Lebanon
100%
Лесото Lesoto Lesotho
100%
Либерия Liberiya Liberia
100%
Ливия Liviya Libya
100%
Лихтенштейн Likhtenshteyn Liechtenstein
100%
Литва Litva Lithuania
100%
Люксембург Lyuksemburg Luxembourg
100%
Мадагаскар Madagaskar Madagascar
100%
Малави Malavi Malawi
100%
Монако Monako Monaco
100%
Монголия Mongoliya Mongolia
100%
Нидерланды Niderlandy Netherlands
100%
Нигерия Nigeriya Nigeria
100%
Северная Корея Severnaya Koreya North Korea
100%
Северная Македония Severnaya Makedoniya North Macedonia
100%
Норвегия Norvegiya Norway
100%
Папуа-Новая Гвинея Papua-Novaya Gvineya Papua New Guinea
100%
Парагвай Paragvay Paraguay
100%
Филиппины Filippiny Philippines
100%
Португалия Portugaliya Portugal
100%
Катар Katar Qatar
100%
Республика Конго Respublika Kongo Republic of the Congo
100%
Румыния Rumyniya Romania
100%
Россия Rossiya Russia
100%
Руанда Ruanda Rwanda
100%
Саудовская Аравия Saudovskaya Araviya Saudi Arabia
100%
Сербия Serbiya Serbia
100%
Сингапур Singapur Singapore
100%
Словакия Slovakiya Slovakia
100%
Словения Sloveniya Slovenia
100%
Сомали Somali Somalia
100%
Южная Африка Yuzhnaya Afrika South Africa
100%
Южная Корея Yuzhnaya Koreya South Korea
100%
Южный Судан Yuzhnyy Sudan South Sudan
100%
Шри-Ланка Shri-Lanka Sri Lanka
100%
Сент-Китс и Невис Sent-Kits I Nevis St. Kitts and Nevis
100%
Сент-Люсия Sent-Lyusiya St. Lucia
100%
Суринам Surinam Suriname
100%
Сирия Siriya Syria
100%
Тайвань Tayvan' Taiwan
100%
Таджикистан Tazkhisitan Tajikistan
100%
Танзания Tanzaniya Tanzania
100%
Таиланд Tailand Thailand
100%
Тринидад и Тобаго Trinidad i Tobago Trinidad and Tobago
100%
Тунис Tunis Tunisia
100%
Турция Turtsiya Turkey
100%
Украина Ukraina Ukraine
100%
Объединенные Арабские Эмираты Ob"yedinennyye Arabskiye Emiraty United Arab Emirates
100%
Великобритания Velikobritaniya United Kingdom
100%
Уругвай Urugvay Uruguay
100%
Ватикан Vatikan Vatican City
100%
Венесуэла Venesuela Venezuela
100%
Йемен Yyemen Yemen
100%
Замбия Zambiya Zambia
100%
Зимбабве Zimbabve Zimbabwe
100%
Ирландия Irlandiya Ireland
83%
Сьерра-Леоне S'yerra-Leone Sierra Leone
83%
Швейцария Shveytsariya Switzerland
83%
Вьетнам V'yetnam Vietnam
83%
Куба Kuba Cuba
80%
Иордания Iordaniya Jordan
80%
Марокко Marokko Morocco
80%
Испания Ispaniya Spain
80%
Сальвадор Sal'vador El Salvador
75%
Гаити Gaiti Haiti
75%
Новая Зеландия Novaya Zelandiya New Zealand
75%
Сан-Томе и Принсипи San-Tome i Prinsipi São Tomé and Príncipe
75%
Соломоновы острова Solomonovy ostrova Solomon Islands
75%
Исландия Islandiya Iceland
71%
Багамские острова Bagamskiye ostrova Bahamas
67%
Боливия Boliviya Bolivia
67%
Китай Kitay China
67%
Грузия Gruziya Georgia
67%
Израиль Izrail' Israel
67%
Малайзия Malayziya Malaysia
67%
Мальдивы Mal'divy Maldives
67%
Маршалловы острова Marshallovy ostrova Marshall Islands
67%
Никарагуа Nikaragua Nicaragua
67%
Сент-Винсент и Гренадины Sent-Vinsent I Grenadiny St. Vincent and the Grenadines
67%
Швеция Shvetsiya Sweden
67%
Маврикий Mavirikiy Mauritius
57%
Азербайджан Azerbaydzhan Azerbaijan
50%
Дания Daniya Denmark
50%
Венгрия Vengriya Hungary
50%
Намибия Namibiya Namibia
50%
Польша Pol'sha Poland
50%
Сейшельские острова Seychel'skiye ostrova Seychelles
50%
Коморские острова Komorskiye ostrova Comoros
33%
Мексика Meksika Mexico
33%
Соединенные Штаты Soyedinennyye Shtaty United States
33%
Экваториальная Гвинея Ekvatorial'naya Gvineya Equatorial Guinea
0%
Мавритания Mavritaniya Mauritiania
0%
Черногория Chernogoriya Montenegro
0%
Мозамбик Mozambik Mozambique
0%
Мьянма M'yanma Myanamr
0%
No matching quizzes found
Score Distribution
Percent of People with Each Score
Percentile by Number Answered
Your Score History
You have not taken this quiz